| 000 | 01478cam a2200433 i 4500 | ||
|---|---|---|---|
| 001 | 200468135 | ||
| 003 | TR-AnTOB | ||
| 005 | 20260416095057.0 | ||
| 007 | ta | ||
| 008 | 260416r20012000nyua bd 000 0 eng | ||
| 010 | _a 99014073 | ||
| 020 |
_a0141002409 _q(paperback) |
||
| 020 |
_a9780141002408 _q(paperback) |
||
| 020 |
_a0670887528 _qacid-free paper |
||
| 020 |
_a9780670887521 _q(acid-free paper) |
||
| 035 | _a4520620 | ||
| 035 | _a(TR-AnTOB)200468135 | ||
| 040 |
_aDLC _beng _erda _cDLC _dDLC _dTR-AnTOB |
||
| 041 | 0 | _aeng | |
| 043 | _an-us--- | ||
| 050 | 0 | 4 |
_aGR105.34 _b.A9457 2001 |
| 090 |
_aGR105.34 _b.A9457 2001 |
||
| 100 | 1 |
_aAxelrod, Alan, _d1952- _eauthor _4aut _9153700 |
|
| 245 | 1 | 4 |
_aThe Penguin dictionary of American folklore / _cAlan Axelrod and Harry Oster with Walton Rawls. |
| 264 | 1 |
_aNew York : _bPenguin Reference, _c2001. |
|
| 300 |
_ax, 527 pages : _billustrations ; _c25 cm |
||
| 336 |
_atext _btxt _2rdacontent |
||
| 337 |
_aunmediated _bn _2rdamedia |
||
| 338 |
_avolume _bnc _2rdacarrier |
||
| 504 | _aBIB | ||
| 650 | 0 |
_aFolklore _zUnited States _vDictionaries _9153073 |
|
| 651 | 0 |
_aUnited States _xSocial life and customs _vDictionaries _940805 |
|
| 655 | 7 |
_aDictionaries _2lcgft _0https://id.loc.gov/authorities/genreForms/gf2014026086 _954730 |
|
| 700 | 1 |
_aOster, Harry _eauthor _4aut _9153701 |
|
| 700 | 1 |
_aRawls, Walton H. _eauthor _4aut _9153702 |
|
| 942 |
_2lcc _cBK |
||
| 999 |
_c200468135 _d86347 |
||